Open Data Biblioteca Nacional de Portugal


República Portuguesa: Ministério da Cultura
Biblioteca Nacional de Portugal

Catálogo da BNP: acesso por Identificadores Unívocos
Registos Bibliográficos associados ao registo de autoridade

Etiqueta de registo: 00000nkm 2200025 450
001 2274620
003 http://id.bnportugal.gov.pt/bib/catbnp/2274620
100 ## $a20260303d1977 m y0pory01030103ba
101 0# $apor
102 ## $aPT
200 1# $aCascais Jazz 77, 7º Festival Internacional de Jazz de Cascais$bVisual gráfico]$fDirecção Geral do Turismo, Direcção Geral da Acção Cultural e Junta de Turismo da Costa do Sol
210 #9 $a[S.l.]$cDirecção Geral do Turismo,$d1977$e[S.l.] :$gGrais Artes Gráficas )
215 ## $a1 cartaz frente e verso$cp&b.$d29,6x21cm
317 ## $aColeção Madeira Luís
710 02 $aFestival Internacional de Jazz,$d7,$eCascais,$f1977$31988403
712 02 $aDirecção Geral do Turismo$4557$3984852
712 02 $aDirecção Geral da Acção Cultural$4557$383419
712 01 $aEstoril.$bJunta de Turismo da Costa do Sol$4557$36943
801 #0 $aPT$bBN$gRPC
966 ## $lBN$mICONOG$sCT. 6219 P.$x3
971 ## $cCaticonografia6$d20260303
972 ## $d20260427 $e2$vmferro$z0
995 ## $aPRR2026

OpendataBNP@bnportugal.pt | Mais informação sobre acesso aos dados BNP